000 00695nam a22002297a 4500
003 UA-OsUOA
001 36653
007 ta
008 20061015b un ||||| |||| 00| 0 ukr d
090 _a050
_bУ45
942 _cBK
040 _aUA-OsUOA
_bukr
_cUA-OsUOA
_dUA-OsUOA
245 _aУкраїнський Історик
955 _a1
041 _aukr
080 _a050
260 _aДенвер
_c1963
246 3 1 _aРік І; Ч. 1
310 _a1964; Рік І; Ч. 4
650 7 _a050 Серійні публікації. Періодика галузі, Організація та інші типи поєднання (співробітництва)
_2UDC
999 _c435181
_d435181